000 00455nam a2200169 i 4500
001 51413
003 ES-MaACL
005 20250828063242.0
007 t|
008 030813s1934 fr ||||1| fre d
100 1 _aAlain,
_d1868-1951
_919080
245 1 4 _aLes dieux /
_cAlain, Emile August Chartier [seud.].
260 _a[Paris] :
_bGallimard,
_c[1934]
300 _a400 p. ;
_c17 cm.
852 _aES-MaACL
_jA-2572
999 _c51413
_d51413